Juruukur penilaian dan proses pembangunan hartanah

Bibliographic Details
Main Author: Mohd Hasrol Haffiz Aliasak
Other Authors: Mohd Farid bin Sa'ad
Format: Book
Language:Malay
Published: Shah Alam : Pusat penerbitan UiTM , 2011
Subjects:

MARC

LEADER 00000cam a2200000 7i4500
001 0000025223
005 20140403.0
008 200314 my a may
020 |a 9789673631513 ,   |c RM32.30 
040 |a INS 
090 0 0 |a TH435   |b M64 2011 
100 1 |a Mohd Hasrol Haffiz Aliasak 
245 1 0 |a Juruukur penilaian dan proses pembangunan hartanah   |c Mohd Hasrol Haffiz Aliasak, Mohd Farid bin Sa'ad 
260 |a Shah Alam :   |b Pusat penerbitan UiTM ,   |c 2011 
300 |a xxiii,165ms :   |b ill ;   |c 22cm. 
500 |a Mengandungi rujukan dan indeks 
650 0 |a Quantity surveying   |x Vocational guidance 
650 0 |a Quantity surveyors 
650 0 |a Real property   |x Valuation 
700 1 |a Mohd Farid bin Sa'ad 
999 |a 1000001505   |b BOOK   |c Open Shelf   |e Default branch